Exercise your executive brain : (Record no. 351941)

000 -LEADER
fixed length control field 01247cam a2200301 a 4500
001 - CONTROL NUMBER
control field 16344023
003 - CONTROL NUMBER IDENTIFIER
control field OSt
005 - DATE AND TIME OF LATEST TRANSACTION
control field 20180116183059.0
008 - FIXED-LENGTH DATA ELEMENTS--GENERAL INFORMATION
fixed length control field 100722s2011 nyua 000 0 eng
010 ## - LIBRARY OF CONGRESS CONTROL NUMBER
LC control number 2010029962
020 ## - INTERNATIONAL STANDARD BOOK NUMBER
International Standard Book Number 9780071752251 (alk. paper)
020 ## - INTERNATIONAL STANDARD BOOK NUMBER
International Standard Book Number 0071752250 (alk. paper)
035 ## - SYSTEM CONTROL NUMBER
System control number (OCoLC)ocn613427926
040 ## - CATALOGING SOURCE
Original cataloging agency DLC
Transcribing agency DLC
Modifying agency YDX
-- BTCTA
-- CDX
-- YDXCP
-- OQX
-- DLC
050 00 - LIBRARY OF CONGRESS CALL NUMBER
Classification number GV1507.W8
Item number T48 2011
082 00 - DEWEY DECIMAL CLASSIFICATION NUMBER
Classification number 793.734 TIM 2010
Edition number 22
100 1# - MAIN ENTRY--PERSONAL NAME
Personal name Timmerman, Charles.
245 10 - TITLE STATEMENT
Title Exercise your executive brain :
Remainder of title 500 games, puzzles, and activities to get in mental shape on the job /
Statement of responsibility, etc. Charles Timmerman.
260 ## - PUBLICATION, DISTRIBUTION, ETC.
Place of publication, distribution, etc. New York :
Name of publisher, distributor, etc. McGraw-Hill,
Date of publication, distribution, etc. c2011.
300 ## - PHYSICAL DESCRIPTION
Extent x, 354 p. :
Other physical details ill. ;
Dimensions 23 cm.
440 ## - SERIES STATEMENT/ADDED ENTRY--TITLE
Title Exercise your executive brain :500 games, puzzles, and activities to get in mental shape on the job
500 ## - GENERAL NOTE
General note PB.
505 0# - FORMATTED CONTENTS NOTE
Formatted contents note Anagrams -- Speedy mazes -- Cryptograms -- Word search -- Inky pinkys -- Sudoku -- What's in a name? -- Dropouts -- Crosswords.
650 #0 - SUBJECT ADDED ENTRY--TOPICAL TERM
Topical term or geographic name entry element Word games.
906 ## - LOCAL DATA ELEMENT F, LDF (RLIN)
a 7
b cbc
c orignew
d 1
e ecip
f 20
g y-gencatlg
942 ## - ADDED ENTRY ELEMENTS (KOHA)
Source of classification or shelving scheme
Koha item type Book
Holdings
Withdrawn status Lost status Source of classification or shelving scheme Damaged status Not for loan Collection code Permanent Location Current Location Shelving location Date acquired Total Checkouts Total Renewals Full call number Barcode Date last seen Date last checked out Price effective from Koha item type
            Central Library (CL) Central Library (CL) General Stacks 11/29/2016 1 2 793.734 TIM 2010 NBS10239 11/23/2021 10/28/2020 11/29/2016 Book
© 2023 Central Library, National University of Sciences and Technology. All Rights Reserved.